| 000 | 00987cam a2200241 a 4500 | ||
|---|---|---|---|
| 001 | 3849301 | ||
| 005 | 20180301093943.0 | ||
| 008 | 871127s1987 it a c 000 0 ita | ||
| 010 | _a 87206190 | ||
| 020 | _a8870381331 | ||
| 040 |
_aDLC _cDLC _dDLC |
||
| 041 | 0 | _aitaeng | |
| 043 | _ae-ne--- | ||
| 080 | _a759.94920740551 CHIA | ||
| 082 | 0 | 0 |
_a759.94920740551 CHIA _219 |
| 100 | _a44 | ||
| 101 | _aART | ||
| 245 | 0 | 3 |
_aIl Secolo di Rembrandt : _ca cura di Marco Chiarini ; [traduzione, Tatia Volterra] = The Age of Rembrandt : Dutch painting of the seventeenth century in the Florentine galleries : Florence, Pitti Palace, Sala bianca, June 27th-September 9th, 1987 / by Marco Chiarini. |
| 740 | 0 | _aAge of Rembrandt. | |
| 906 |
_a7 _bcbc _corignew _d2 _encip _f19 _gy-gencatlg |
||
| 942 |
_2ddc _cBK |
||
| 999 |
_c43899 _d43899 |
||